|
|
|
|
| LEADER |
00990nam a22002412a 4500 |
| 001 |
001635118 |
| 003 |
CZ BrMZK |
| 005 |
20180723141346.0 |
| 007 |
ta |
| 008 |
180621s1963 xr af er|||||||||||cze d |
| 015 |
|
|
|a cnb001086195
|
| 035 |
|
|
|a (OCoLC)85609881
|
| 040 |
|
|
|a ABA001
|b cze
|c ABA001
|d ABA001
|d BOA001
|
| 245 |
0 |
0 |
|a Jihlavsko ve fotografii :
|b výstava : pod záštitou rady městského národního výboru : Jihlava, Výstavní síň muzea 10.-24. listopadu 1963 /
|c [úvod]: Antonín Koutník
|
| 246 |
3 |
0 |
|a Výstava Jihlavsko ve fotografii
|
| 260 |
|
|
|a Jihlava :
|b Osvětový dům,
|c 1963
|
| 300 |
|
|
|a 1 sv. (nestr.), obr. příl. :
|b il. ;
|c 8°
|
| 700 |
1 |
|
|a Koutník, Antonín
|7 mzk2010610274
|4 wfw
|
| 910 |
|
|
|a BOA001
|b X-0506.785
|b X-0506.459
|
| 990 |
|
|
|a BK
|
| 991 |
|
|
|b 201806
|
| 996 |
7 |
|
|b 2618947896
|c X-0506.785
|l MZK
|r Sklad / do 24 hodin
|n 0
|w 001670942
|u 000010
|a 1
|e BOA001
|j MZK50
|s A
|
| 996 |
6 |
|
|b 2618950004
|c X-0506.459
|l MZK
|r Sklad / do 24 hodin
|n 0
|w 001670942
|u 000020
|a 1
|e BOA001
|j MZK50
|s P
|